Culture Générale - Série 2641 - Statistiques

Statistiques générales
  • Ce quiz a été pris 107 fois
  • Le résultat moyen est 5 sur 10
Statistiques - réponses
Question Réponse % Correct
Quel état a choisi pour sa fête nationale la Saint-Patrick ? Irlande
92%
Sous quel nom connait-on mieux le Dronte de Maurice oiseau emblématique de l'île Maurice dont l'espèce a disparu depuis la fin du XVIIᵉ siècle ? voir photo dodo
83%
Secret connu de tous, secret qui n'en est plus un est un secret de ....... Polichinelle
68%
Qu'est-ce qu'un églefin ou aiglefin ? poisson
60%
Petit mammifère carnivore, bas sur pattes, de pelage clair sur le dos et foncé sous le ventre - Brosse pour la barbe, en poils, utilisée pour faire mousser le savon. blaireau
49%
Qu'appelle-t-on familièrement cibiche ? cigarette
26%
Quel est ce métal de numéro atomique 27 dont les deux tiers des réserves se trouvent en République démocratique du Congo (RDC) ? cobalt
26%
Sous quel prénom et nom connait-on mieux Jacqueline Enté née le 2 juillet 1928 à Nieppe (Nord). Line Renaud
26%
Dans quel pays se trouve le désert du Salar d'Uyuni où est exploité un très important gisement de lithium ? Bolivie
24%
Les pieds nickelés (BD de Louis Forton) s'appellent " Filochard" " Ribouldingue" et .... Croquignol
8%
Aucun quiz correspondant
Distribution des résultats
% des personnes avec chaque résultat
Percentile par nombre de réponses
Votre historique - résultats
Vous n’avez pas pris ce quiz